| 000 | 00385nam a22001457a 4500 | ||
|---|---|---|---|
| 020 | _a9502107489 | ||
| 080 | _a347.79 L 545 | ||
| 100 | _aLena Paz, juan A. | ||
| 245 |
_aLey de la Navegacion _b(20.094) Comentada |
||
| 260 |
_aBuenos Aires _bPlus Ultra _c1985 |
||
| 300 | _a349 p. | ||
| 650 |
_xley de navegacion _xderecho maritimo _xley 20094 |
||
| 945 |
_asa _d2014-11-05 |
||
| 999 |
_c2679 _d233183 |
||
| 942 | _6_ | ||